<?xml version="1.0" encoding="UTF-8"?>
<record
    xmlns:xsi="http://www.w3.org/2001/XMLSchema-instance"
    xsi:schemaLocation="http://www.loc.gov/MARC21/slim http://www.loc.gov/standards/marcxml/schema/MARC21slim.xsd"
    xmlns="http://www.loc.gov/MARC21/slim">

  <leader>01038nam a22001337a 4500</leader>
  <datafield tag="999" ind1=" " ind2=" ">
    <subfield code="c">533803</subfield>
    <subfield code="d">533803</subfield>
  </datafield>
  <controlfield tag="008">260625b           ||||| |||| 00| 0 eng d</controlfield>
  <datafield tag="100" ind1=" " ind2=" ">
    <subfield code="a">Safvi, Rana   </subfield>
    <subfield code="9">61344</subfield>
  </datafield>
  <datafield tag="245" ind1=" " ind2=" ">
    <subfield code="a">Where Bhakti and Sufism meet </subfield>
  </datafield>
  <datafield tag="260" ind1=" " ind2=" ">
    <subfield code="a">India International Center Quarterly  </subfield>
  </datafield>
  <datafield tag="300" ind1=" " ind2=" ">
    <subfield code="a">52 (3&amp;4), Winter 2025- Summer 2026: p.112-123  </subfield>
  </datafield>
  <datafield tag="520" ind1=" " ind2=" ">
    <subfield code="a">Bhakti means devotion love and worship of the divine. The Bhakti movement beloved that pure devotion to the divine was the most important aspect of religion. It started in South India in the sixth century EE as a reaction to the relations dogma, rigid caste system, fascism and superstition that plagued Hindu society. This informal movement that gained momentum belied in equality and personal devotion to the divine and was spared by the developers of Vishnu the Alvars and the devotees of Shiva the Nayanmars in South India. It begins by following a path of spirituality through the medium of party music and dance. &#x2013; Reproduced </subfield>
  </datafield>
  <datafield tag="773" ind1=" " ind2=" ">
    <subfield code="a">India International Center Quarterly  </subfield>
  </datafield>
  <datafield tag="942" ind1=" " ind2=" ">
    <subfield code="c">AR</subfield>
  </datafield>
  <datafield tag="952" ind1=" " ind2=" ">
    <subfield code="0">0</subfield>
    <subfield code="1">0</subfield>
    <subfield code="2">ddc</subfield>
    <subfield code="4">0</subfield>
    <subfield code="7">0</subfield>
    <subfield code="9">408983</subfield>
    <subfield code="a">IIPA</subfield>
    <subfield code="b">IIPA</subfield>
    <subfield code="d">2026-06-25</subfield>
    <subfield code="h">52 (3&amp;4), Winter 2025- Summer 2026: p.112-123  </subfield>
    <subfield code="p">AR139265</subfield>
    <subfield code="r">2026-06-25</subfield>
    <subfield code="y">AR</subfield>
  </datafield>
</record>
